Wszystkie państwa bez litery a w nazwie! - Statystyki

Ogólne statystyki
  • Ten quiz został rozwiązany 1 761 razy
  • Średni wynik to 19 z 31
Statystyki odpowiedzi
Kontynent Państwo % Poprawnych
Europa Niemcy
85%
Azja Chiny
82%
Europa Włochy
82%
Ameryka Południowa Chile
81%
Ameryka Północna Meksyk
81%
Europa Czechy
79%
Ameryka Południowa Peru
78%
Europa Luksemburg
74%
Europa Węgry
72%
Afryka Egipt
71%
Europa Liechtenstein
71%
Azja Indie
69%
Europa Kosowo
69%
Azja Jemen
62%
Azja Cypr
61%
Afryka Niger
58%
Ameryka Północna Belize
56%
Afryka Kongo
56%
Oceania Fidżi
55%
Afryka Togo
51%
Azja Filipiny
49%
Azja Kuwejt
48%
Afryka Lesotho
48%
Afryka Dżibuti
46%
Afryka Seszele
44%
Afryka Benin
43%
Azja Brunei
43%
Afryka Wybrzeże Kości Słoniowej
41%
Afryka Burundi
39%
Afryka Komory
38%
Azja Timor Wschodni
38%
Nie znaleziono quizów pasujących do podanych kryteriów
Rozkład punktacji
Procent ludzi z każdym wynikiem
Percentyl według liczby udzielonych odpowiedzi
Twoja historia wyników
Nie rozwiązałeś tego quizu